MARC

LEADER 00000nam0a2200000 4500
001 289172
005 20231102000149.0
035 |a (RuTPU)RU\TPU\book\313677 
090 |a 289172 
100 |a 20150331d1967 k y0rusy50 ca 
101 1 |a rus  |c eng 
102 |a RU 
105 |a a z 001zy 
200 1 |a Количественная экология растений  |e пер. с англ.  |f П. Грейг- Смит 
210 |a Москва  |c Мир  |d 1967 
215 |a 359 с.  |c ил. 
320 |a Библиогр.: с. 328-345. 
320 |a Предметный указатель: с. 349-358. 
606 1 |a Растения  |x Биохимия  |2 stltpush  |3 (RuTPU)RU\TPU\subj\23936  |9 48402 
610 1 |a экология 
610 1 |a количественные методы 
610 1 |a математические методы 
610 1 |a геоботаника 
610 1 |a растительные сообщества 
610 1 |a классификация 
610 1 |a статистические таблицы 
675 |a 581.1  |v 3 
700 1 |a Грейг- Смит  |b П. 
801 1 |a RU  |b 63413507  |c 20150331 
801 2 |a RU  |b 63413507  |c 20210419  |g RCR 
942 |c BK